[Event "TA Province-ch 08"]
[Site "Taranto"]
[Date "2007.12.16"]
[Round "3"]
[White "Abbatemaggio, Francesco"]
[Black "Villani, Mauro"]
[Result "0-1"]
[WhiteElo "1487"]
[BlackElo "1626"]
[PlyCount "52"]
[EventDate "2007.12.15"]
[EventType "swiss"]
[EventRounds "3"]
[EventCountry "ITA"]
[SourceTitle "EXT 2010"]
[Source "ChessBase"]
[SourceDate "2010.11.25"]
[SourceVersion "1"]
[SourceVersionDate "2010.11.25"]
[SourceQuality "1"]

1. d4 Nf6 2. c4 e6 3. Nc3 Bb4 4. Bd2 0-0 5. e3 b6 6. Nf3 Bb7 7. Be2 d5 8. cxd5 exd5 9. 0-0 Re8 10. a3 Bf8 11. Bd3 Nbd7 12. Rc1 Ne4 13. Qc2 Ndf6 14. b4 c6 15. Rfe1 Bd6 16. h3 Qe7 17. Re2 h6 18. Nh4 Bc8 19. Be1 c5 20. Bb5 Rd8 21. Bc6 Rb8 22. Bxd5 Nxc3 23. Ng6 Nxe2+ 24. Qxe2 Qc7 25. Qc4 Nxd5 26. Qxd5 Bh2+ 0-1